000 01337nam0a2200313 4500
001 RU\NLR\bibl\885106
005 20260406145849.0
010 _a5-93833-359-8
_96000
021 _aRU
_b2005-74059
_93653
035 _a(NLR Aleph) 000873646
090 _a1615136
_c1615136
100 _a20051207d2005 |||y0rusy50 ca
101 0 _arus
102 _aRU
105 _aa |||||||||
200 1 _aНовые порядки в Простоквашино
_eкнига для современных детей и родителей
_e[для среднего школьного возраста]
_fЭдуард Успенский
_g[худож. Л. Хачатрян]
210 _aМосква
_cМир "Искателя"
_cИскатель
_d2005
215 _a94, [1] с.
_cцв. ил.
_d22
225 1 _aСуперсерия!
686 _aШ9(2)62=Р7-2
700 1 _4070
_8rus
_7ca
_aУспенский
_bЭ. Н.
_cдет. писатель
_f1937-2018
_gЭдуард Николаевич
_3RU\NLR\AUTH\774788
_9114763
702 1 _4040
_8rus
_7ca
_aХачатрян
_bЛ. А.
_cхудожник
_f1941-2002
_gЛевон Аршавирович
_3RU\NLR\AUTH\7787851
_970779
801 0 _aRU
_bNLR
_c20051207
_grcr
801 1 _aRU
_bNLR
_c20051207
942 _cBOOK
980 _aNB